|
|
|
|
| LEADER |
00000nam a22000007a 4500 |
| 005 |
20220824230053.0 |
| 007 |
cr|||| |||| |
| 008 |
220824s2021 pe |||||s|||| 00||0 spa d |
| 020 |
|
|
|a 9786123252304
|
| 035 |
|
|
|a 36957
|
| 040 |
|
|
|a vLex
|
| 090 |
|
|
|c 13822
|d 13822
|
| 100 |
1 |
|
|a Vega Ren̨̤, Luis
|
| 245 |
1 |
2 |
|a La naturaleza de las falacias
|h [Recurso electrn̤ico] /
|c Luis Vega Ren̨̤
|
| 256 |
|
|
|a Servicio en ln̕ea
|
| 260 |
|
|
|a Lima:
|b Palestra Editores,
|c 2021
|
| 300 |
|
|
|a 1 recurso electrn̤ico
|
| 500 |
|
|
|a En el estudio de la argumentacin̤, el estudio de las falacias ha sido un punto central, despertando gran interš en su teorizacin̤ y clasificacin̤. En ese sentido, el presente libro pretende partir de un balance de lo avanzado en dicho estudio y los alcances que se han tenido. Pero ms̀ all ̀de las disquisiciones ter̤icas, esta obra tambiň pretende dar luces de cm̤o el estudio de las falacias puede estar al servicio de la teora̕ de la argumentacin̤, as ̕como a combatir las malas prc̀ticas que se dan en distintos m̀bitos tales como el acadm̌ico, el jurd̕ico, el polt̕ico y el periods̕tico. Y no menos importante, la obra pretende una revisin̤ del concepto ‘usual’ o ‘cotidiano’ que se le da al třmino falacia. Para estos fines planteados, la obra consta de tres partes que corresponden a tres perspectivas fundamentales sobre la naturaleza de la falacia: una discursiva y etolg̤ica, otra histr̤ica y la tercera ter̤ica.
|
| 506 |
1 |
|
|a Disponible solo en los productos indicados
|d vLex Global
|d vLex Global (Academic Edition, excluding Law Schools)
|d vLex Global (U.S. Academic Edition, Law Schools)
|d vLex Global (U.S. Academic Edition, excluding Law Schools)
|d vLex Global (Academic Edition, Law Schools)
|
| 650 |
0 |
4 |
|a Derecho Militar
|z Per︢
|
| 650 |
0 |
4 |
|a Filosofa̕ y religin̤
|z Per︢
|
| 740 |
0 |
|
|a vLex Libros (Servicio en ln̕ea)
|
| 856 |
4 |
0 |
|u https://app.vlex.com/#/sources/36957
|z Acceso restringido
|
| 942 |
|
|
|c BOOK
|
| 999 |
0 |
|
|a Military Law
|
| 999 |
0 |
|
|a Philosophy and religion
|